000 01183cam a22002651i 4500
003 SA-RiAUC
005 20260118133318.0
008 251230s1914 ua g 00000 ara c
040 _aEG-CaDAJ
_bara
_cSA-RiAUC
_erda
082 0 4 _a240
_qSA-RiAUC
090 _aم ن 240
_bط ب ل
100 1 _aالطبلاوي، منصور،
_dتوفي 1014 هجري
_eمؤلف.
245 1 0 _aصيانة العقائد :
_bنظم به عقائد الإمام نجم الدين أبي حفص عمر بن محمد النسفي /
_cمنصور الطبلاوي الشافعي.
264 1 _a[مكان النشر غير محدد] :
_b[الناشر غير محدد]،
_c1914
264 3 _aالقاهرة :
_bالمطبعة الجمالية
300 _a12 صفحة ؛
_c29 سم
336 _aنص
_btxt
_2rdacontent
_3كتاب
337 _aبدون وسيط
_bn
_2rdamedia
338 _aمجلد
_bnc
_2rdacarrier
650 7 _aعلم الكلام
_2aucsh
700 1 2 _aالنسفي، عمر بن محمد بن أحمد،
_d461-537 هجري.
_tالعقائد النسفية.
740 2 2 _aالعقائد النسفية.
942 _2ddc
_cRBOOK COPY
_n0
949 _aSA-JeALM
_d251230
_umohamedma123
_n1
999 _c14089
_d14089